STATISTICAL LEARNING FROM A REGRESSION P (Record no. 29212)
[ view plain ]
| 000 -LEADER | |
|---|---|
| fixed length control field | 00358nam a2200145Ia 4500 |
| 008 - FIXED-LENGTH DATA ELEMENTS--GENERAL INFORMATION | |
| fixed length control field | 240624s9999 xx 000 0 und d |
| 041 ## - LANGUAGE CODE | |
| Language code of text/sound track or separate title | eng |
| 082 ## - DEWEY DECIMAL CLASSIFICATION NUMBER | |
| Classification number | 519.5 BER |
| 100 ## - MAIN ENTRY--PERSONAL NAME | |
| Personal name | BERK RICHARD A |
| 245 ## - TITLE STATEMENT | |
| Title | STATISTICAL LEARNING FROM A REGRESSION P |
| 250 ## - EDITION STATEMENT | |
| Edition statement | (2nd ed.) |
| 260 ## - PUBLICATION, DISTRIBUTION, ETC. | |
| Date of publication, distribution, etc. | 2016 |
| Name of publisher, distributor, etc. | Springer |
| 300 ## - PHYSICAL DESCRIPTION | |
| Extent | xxiii, , 347 : p. |
| 365 ## - TRADE PRICE | |
| Currency code | ERU |
| Price amount | 30 |
| Withdrawn status | Lost status | Damaged status | Not for loan | Home library | Current library | Shelving location | Date acquired | Cost, normal purchase price | Full call number | Barcode | Date last seen | Copy number | Price effective from | Koha item type |
|---|---|---|---|---|---|---|---|---|---|---|---|---|---|---|
| IMTN | IMTN | Rack 18-A | 08/31/2017 | 66.99 | 519.5 BER | 29212 | 06/24/2024 | 77.1 | 06/24/2024 | Books |